Trends in Neural Computation / (Record no. 8752)

MARC details
000 -LEADER
fixed length control field 00976nac a22003011u 4500
008 - FIXED-LENGTH DATA ELEMENTS--GENERAL INFORMATION
fixed length control field 120329t xxu||||| |||| 00| 0 eng d
010 ## - LIBRARY OF CONGRESS CONTROL NUMBER
LC control number 2006928620
020 ## - INTERNATIONAL STANDARD BOOK NUMBER
International Standard Book Number 3540361219
020 ## - INTERNATIONAL STANDARD BOOK NUMBER
International Standard Book Number 9783540361213
022 ## - INTERNATIONAL STANDARD SERIAL NUMBER
International Standard Serial Number 1860949* :
022 ## - INTERNATIONAL STANDARD SERIAL NUMBER
International Standard Serial Number 18609503 :
082 ## - DEWEY DECIMAL CLASSIFICATION NUMBER
Classification number 006.32
Item number CHE
245 10 - TITLE STATEMENT
Title Trends in Neural Computation /
Statement of responsibility, etc Ke Chen , Lipo Wang [eds]
260 ## - PUBLICATION, DISTRIBUTION, ETC. (IMPRINT)
Place of publication, distribution, etc Berlin :
Name of publisher, distributor, etc Springer,
Date of publication, distribution, etc 2007.
300 ## - PHYSICAL DESCRIPTION
Extent x,512 p.
Other physical details ill. ;
Dimensions 24 cm.
490 ## - Series Statement
-- 29495
Series statement Studies in Computational Intelligence ;
-- 35
500 ## - GENERAL NOTE
General note International conference proceedings.
500 ## - GENERAL NOTE
General note Distributer: Bacca
504 ## - BIBLIOGRAPHY, ETC. NOTE
Bibliography, etc Includes bibliographical references.
511 ## - PARTICIPANT OR PERFORMER NOTE
Participant or performer note Catalogued by: Sara
650 ## - SUBJECT ADDED ENTRY--TOPICAL TERM
Topical term or geographic name as entry element Neural computation
9 (RLIN) 29497
650 ## - SUBJECT ADDED ENTRY--TOPICAL TERM
Topical term or geographic name as entry element Neural networks (Computer science)-- Congresses.
9 (RLIN) 29499
653 ## - INDEX TERM--UNCONTROLLED
Resource For college
650 ## - SUBJECT ADDED ENTRY--TOPICAL TERM
9 (RLIN) 29498
Topical term or geographic name as entry element Artificial intelligence
Form subdivision Congresses
700 ## - ADDED ENTRY--PERSONAL NAME
Personal name Wang, Lipo
9 (RLIN) 29500
700 ## - ADDED ENTRY--PERSONAL NAME
Personal name Chen, Ke
9 (RLIN) 29496
942 ## - ADDED ENTRY ELEMENTS (KOHA)
Item type Book - Borrowing
Call number prefix 006.32 CHE
Source of classification or shelving scheme Dewey Decimal Classification
Holdings
Withdrawn status Item status Source of classification or shelving scheme Damaged status Not for loan Vendor Home library Current library Shelving location Date acquired Source of acquisition Total Checkouts Full call number Barcode Date last seen Cost, replacement price Koha item type
    Dewey Decimal Classification       Central Library Central Library Lower Floor 19/03/2008     006.32 CHE 000010720 15/07/2025 1168.00 Book - Borrowing